TOP 10 X 3 : Most Dangerous Cities in the US - Statistics

General Stats
  • This quiz has been taken 315 times
  • The average score is 19 of 30
Answer Stats
Rank % Correct
2. Detroit
94%
1. Detroit
94%
1. Detroit
94%
7. Baltimore
81%
7. Baltimore
81%
6. Baltimore
81%
1. St.Louis
79%
2. St. Louis
79%
4. St.Louis
79%
4. Memphis
77%
4. Memphis
77%
2. Memphis
77%
6. Atlanta
74%
9. Cleveland
70%
7. Cleveland
70%
10. Kansas City
62%
10. Kansas City
62%
9. Oakland
58%
3. Oakland
58%
3. Oakland
58%
5. Milwaukee
54%
5. Milwaukee
54%
9. Indianapolis
53%
3. Birmingham
47%
5. Birmingham
47%
10. Buffalo
44%
8. Little Rock
35%
8. Stockton
21%
8. Stockton
21%
6. Rockford
5%
No matching quizzes found
Score Distribution
Percent of People with Each Score
Percentile by Number Answered
Your Score History
You have not taken this quiz